| 000 | 00896nam a2200241 4500 | ||
|---|---|---|---|
| 999 |
_c82350 _d319627 |
||
| 003 | OSt | ||
| 005 | 20220908132011.0 | ||
| 008 | 130528c2013 jo g 000 0 ara c | ||
| 020 | _a9789957124830 | ||
| 040 |
_aMa-Un _bara _cMa-Un |
||
| 082 | 0 | 4 |
_a371.12 _bخ ن ت _221 |
| 100 | 1 |
_aخليفات، نجاح عودة _9100906 |
|
| 245 | 1 | 0 |
_aتربويات المعلم الذي نريد / _cنجاح عودة خليفات. |
| 250 | _aالطبعة العربية. | ||
| 264 |
_aعمان، الأردن : _bدار اليازوري للنشر والتوزيع، _c2013 _m[1434] |
||
| 300 |
_a288 ص. : _bإيض. ؛ _c24 سم. |
||
| 504 | _aيشتمل على قائمة ببليوجرافية. | ||
| 650 | 7 |
_aالمدرسون _xتدريب _9100912 |
|
| 650 | 7 |
_aالمدرسون _xأخلاق مهنية _957995 |
|
| 650 | 7 |
_aالتوجيه التربوي _9100913 |
|
| 942 |
_2ddc _cBOOK |
||
| 535 | 2 | _a3 | |